Statistiques concernant Les Champions de France 2016-2017 des principaux sports collectifs (Football, Rugby, Hand, Basket, Volley)

Cliquez ici pour prendre le quiz!

Statistiques générales

  • Ce quiz a été pris 187 fois
  • Le résultat moyen est 3 sur 5

Statistiques - réponses

Sport Champion % Correct
FootballAS Monaco
96%
HandParis Saint-Germain
96%
RugbyASM Clermont-Auvergne
89%
BasketÉlan sportif chalonnais
43%
VolleyChaumont Volley-Ball 52
23%

Distribution des résultats

Percentile by Number Answered

% des personnes avec chaque résultat

Votre développement - résultats

Vous n’avez pas pris ce quiz